Pautes per elaborar un pla d'acollida
Descripción Física:
37 p. ; 29 cm
Colección:
Manuals de formació municipal ; 8
MARC
| LEADER | 00000nam a2200000Ia 4500 | ||
|---|---|---|---|
| 001 | 17663 | ||
| 008 | 160829s2006 xx 000 0 cat d | ||
| 080 | |a FU-13-52 | ||
| 245 | |a Pautes per elaborar un pla d'acollida | ||
| 260 | |a [Barcelona] : |b Diputació de Barcelona. Servei de Formació Local, |c 2006 | ||
| 300 | |a 37 p. ; |c 29 cm | ||
| 490 | |a Manuals de formació municipal ; 8 | ||
| 590 | |a A la coberta: Manual de consulta | ||
| 650 | |a Personal |x Formació |x Manuals, guies, etc. |9 22182 | ||
| 710 | |a Barcelona (Catalunya : Província). |b Servei de Formació Local |9 53659 | ||
| 901 | |a Arxiu | ||
| 942 | |n 1 | ||
| 952 | |0 0 |1 0 |4 0 |6 FU1352 |7 1 |9 42097 |a Arxiu |b Arxiu |d 2016-12-01 |l 0 |o FU-13-52 |p 17663 |r 2016-12-01 00:00:00 |w 2016-12-01 |y ARXIU | ||
| 999 | |c 44544 |d 44544 | ||